Performance Standards for Shipborne Radiocommunications and Navigational Equipment (2023 Edition) (Record no. 12824)

000 -LEADER
fixed length control field 00367nam a22001217a 4500
008 - FIXED-LENGTH DATA ELEMENTS--GENERAL INFORMATION
fixed length control field 250916b 2023 ||||| |||| 00| 0 eng d
020 ## - INTERNATIONAL STANDARD BOOK NUMBER
International Standard Book Number 978-928011754-7
245 ## - TITLE STATEMENT
Title Performance Standards for Shipborne Radiocommunications and Navigational Equipment (2023 Edition)
250 ## - EDITION STATEMENT
Edition statement 2023 ed.
260 ## - PUBLICATION, DISTRIBUTION, ETC. (IMPRINT)
Place of publication, distribution, etc London
Name of publisher, distributor, etc IMO
Date of publication, distribution, etc 2023
300 ## - PHYSICAL DESCRIPTION
Extent Digital Format
942 ## - ADDED ENTRY ELEMENTS (KOHA)
Item type E-Book
Holdings
Withdrawn status Lost status Source of classification or shelving scheme Damaged status Not for loan Collection code Permanent location Current location Shelving location Date acquired Barcode Date last seen Koha item type
          Reference IMU-MPC Library IMU-MPC Library Reference 2025-09-16 Performance Standard 2025-09-16 Books
Copyright © 2021 Indian Maritime University, Mumbai Port Campus. All Rights Reserved. Managed & Maintained by Central Library, IMU-Mumbai

webs counters

Powered by Koha